000 02056cam a22002175a 4500
001 L157638
005 20260422163135.0
008 130213s1842 xxk f 000 0 eng d
035 _a(Sirsi) u157638
041 0 _aeng
100 1 _aRobins, George Henry
_d1778-1847
245 0 2 _aA condensed history of the various estates and property that have been submitted to auction, and by private treaty sold through the instrumentality of Mr. Geo. Robins, from the year 1815 to 1842
260 _c1842
300 _a9 volumes;
_c34 cm.
_bred binding
520 _aIndex volume.
520 _aCover title: A general index, of the various estates & property that have been submitted to auction by, Mr Geo. Robins, from 1815 to 1842. 9 volumes, approx 567 properties in all, many with lithographic plates and plans, most properties in Britain and Ireland, but some in Europe and New Zealand at the time of the signing of the Treaty of Waitangi in 1840, also estates in the West Insides, New York and Canada. Vol I: approx. 75 estates and properties, including Vauxhall Gardens (1818) and the Marquis of Ormonde’s Estates (1824); Vol II: approx. 57 estates and properties, including Fonthill Abbey estate (1829); Vol III: approx. 58 estates and properties, including Garrick Theatre, Leman Street (1832) and the Pantheon, Oxford Street (1833); Vol IV: approx. 51 estates and properties, including land and estates in Virginia (1835 and 1836), Vauxhall Pottery (1835); Vol V: approx. 67 estates and properties including Marble Hill, Twickenham (1837); Vol VI: approx. 54 estates and properties including land in the Bay of Islands, New Zealand (1840); Vol VII: approx. 85 estates and properties, including New Zealand Land Orders and further land at the Bay of Islands. Vol VIII: approximately 70 estates and properties. including various very large estates; Vol IX: 47 estates and properties.
583 _aCondition reviewed
_c20120620
_lcondition level 4
651 4 _aGreat Britain
_y1707-
690 _aAuctioneering
_96218
942 _n0
_2ddc
999 _c114885
_d114885